000 00879cam a2200205 4500
001 WB3745-15
008 011129n2001 000 0 eng u
035 _a(Sirsi) u115786
245 _aHigh risk high insurance
260 _c2001
490 _aNew Civil Engineer
_v 22 November 2001, 8(1)
520 _aConstruction is now seen as a high risk sector after the WTO attacks and consequently faces soaring insurance premiums. However the Association of Consulting Engineers (ACE) also blame the drop in skill levels will increase the risk of claims. ACE has announced that a 50% rise in premiums is needed to ensure the survival of its own professional indemnity scheme.
590 _aWB
650 _aCONSTRUCTION SECTOR
650 _aPROFESSIONAL INDEMNITY
650 _aCONSTRUCTION SKILLS
650 _aTERRORIST ATTACKS
690 _aInsurance
_96249
942 _n0
999 _c68967
_d68967